000 00625nam a2200265Ia 4500
005 20260121171846.0
008 008 260114s9999 xx 000 0 eng d
020 _a9783030397777
037 _aEBOOK
040 _aCRL
040 _beng
040 _cCRL
041 _2eng
041 _aeng
084 _qCRL
100 _aRod Mollise
_91081324
245 0 _aChoosing and Using a New CAT
260 _bSpringer
260 _bSpringer
260 _c2020
856 _uhttps://link.springer.com/openurl?genre=book&isbn=978-3-030-39777-7
942 _cEBOOK
999 _c1647057
_d1647057